Carregant...
| LEADER | 00363nam a22001217a 4500 | ||
|---|---|---|---|
| 100 | |a PRIYESH C. A |9 18495 | ||
| 245 | |a KERALA'S FISCAL CRISIS AND ITS IMPLICATIONS | ||
| 260 | |b SAJOSPS |c 2005 | ||
| 300 | |a p.93-96 |b January-June | ||
| 650 | |a FINANCE |9 27978 | ||
| 942 | |c KS | ||
| 999 | |c 80454 |d 80454 | ||
| 952 | |0 0 |1 0 |4 0 |7 0 |9 72477 |a MGUL |b MGUL |c JA |d 2016-02-27 |l 0 |r 2016-02-27 |w 2016-02-27 |y KS | ||